Statistiques concernant Le clan Otsutsuki

Cliquez ici pour prendre le quiz!

Statistiques générales

  • Ce quiz a été pris 27 fois
  • Le résultat moyen est 8 sur 11

Statistiques - réponses

Réponse% Correct
Kaguya
100%
Asura
90%
Hagoromo
90%
Indra
90%
Isshiki
90%
Momoshiki
86%
Hamura
76%
Kinshiki
71%
Toneri
62%
Urashiki
57%
Kanna
0%

Distribution des résultats

Percentile par nombre de réponses

% des personnes avec chaque résultat

Votre développement - résultats

Vous n’avez pas pris ce quiz